Szczegóły MARC21

Zespołowe gry sportowe : piłka nożna, mini piłka nożna, piłka ręczna, mini piłka ręczna, koszykówka, mini koszykówka, piłka siatkowa, mini piłka siatkowa, piłka siatkowa plażowa.

003 -Nazwa inst., której nr kontr. jest w polu 001 [,]
    • @
    • Nazwa instytucji, której n kontrolny jest w polu 001
    • NUKAT
005 -DATA I CZAS OSTATNIEJ MODYFIKACJI [,]
    • @
    • pole kontrolne
    • 20241231093857.0
020 -Międzynarod. znormalizowany nr książki - ISBN [ , ]
    • a
    • Numer ISBN
    • 8386630302 Find
040 -Instytucja sporządzająca opis [ , ]
    • a
    • Instytucja, która sporządziła opis (NP)
    • Ł U/BM
    • c
    • Instytucja, która sporządziła rekord (NP)
    • Ł U/BM
    • d
    • Instytucja, która zmodyfikowała rekord (P)
    • Ł U/BM
942 -Rodzaj dokumentu [ , ]
    • c
    • Rodzaj dokumentu
    • Książka
245 -Strefa tytułu i oznaczenia odpowiedzialności [0,0]
    • a
    • Tytuł
    • Zespołowe gry sportowe : Find
    • b
    • Ciąg dalszy tytułu (NP)
    • piłka nożna, mini piłka nożna, piłka ręczna, mini piłka ręczna, koszykówka, mini koszykówka, piłka siatkowa, mini piłka siatkowa, piłka siatkowa plażowa. Find
260 -Strefa adresu wydawniczego [ , ]
    • a
    • Miejsce wydania (P)
    • Warszawa :
    • b
    • Nazwa wydawcy (P)
    • Agencja Promo-Lider,
    • c
    • Data wydania (P)
    • 1997.
300 -Strefa opisu fizycznego [ , ]
    • a
    • Określenie formy książki i/lub objętość (NP)
    • 191 s. :
    • b
    • Oznaczenie ilustracji (NP)
    • il. ;
    • c
    • Format (NP)
    • 24 cm.
336 -Typ zawartości [ , ]
    • a
    • Termin opisujący typ zawartości
    • Tekst
    • b
    • Kod określający zawartość
    • txt
    • 2
    • Źródło (terminu i kodu)
    • rdacontent
337 -Typ mediów [ , ]
    • a
    • Tryb odtwarzania
    • Bez urządzenia pośredniczącego
    • b
    • Kod typu mediów
    • n
    • 2
    • Źródło (terminu i kodu)
    • rdamedia
338 -Typ/rodzaj nośnika [ , ]
    • a
    • Hasło opisujące typ nośnika
    • Wolumin
    • b
    • Kod typu nośnika
    • nc
    • 2
    • Źródło (terminu i kodu)
    • rdacarrier
080 -Uniwersalna Klasyfikacja Dziesiętna [ , ]
    • a
    • Symbol klasyfikacji
    • 796.3.01
650 -Hasło przedmiotowe [ ,7]
    • a
    • Hasło przedmiotowe
    • Sporty zespołowe
    • x
    • Określnik rzeczowy
    • reguły.
    • 2
    • Źródło terminu
    • kaba
    • 9
    • KHW
    • 520557
650 -Hasło przedmiotowe [ ,7]
    • a
    • Hasło przedmiotowe
    • Sporty z piłką
    • v
    • Określnik formalny
    • reguły.
    • 2
    • Źródło terminu
    • kaba
    • 9
    • KHW
    • 648416
650 -Hasło przedmiotowe [ ,7]
    • a
    • Hasło przedmiotowe
    • Sport
    • x
    • Określnik rzeczowy
    • reguły.
    • 2
    • Źródło terminu
    • kaba
    • 9
    • KHW
    • 161837
980 -Symbol UKD [ , ]
    • a
    • UKD
    • 796.3.01
920 -ISBN [ , ]
    • a
    • ISBN
    • 83-86630-30-2 Find
Data inwentaryzacji Status udost. Sygnatura Lokalizacja Numer inwentarzowy
1998-12-22-3W.197148BGW.197148
1998-12-22-3W.197148BGW.197149
1998-12-22-3W.197148BGW.197150
1998-12-22-3W.197148BGW.197151
1998-12-221Z.93037BGZ.93037
1999-02-03-3W.197148BGW.197715
1998-12-221Zespołowe gry sportowe 03BMWF.6045
1998-12-221Gry i zabawy 08BMWF.6044